[Event "Katowice POL-HUN 7th"]
[Site "Katowice"]
[Date "2019.04.14"]
[Round "5"]
[White "Pinkas, Karol"]
[Black "Shkuran, Danylo"]
[Result "0-1"]
[WhiteElo "2195"]
[BlackElo "2340"]
[PlyCount "78"]
[EventDate "2019.04.13"]
[EventType "swiss (rapid)"]
[EventRounds "9"]
[EventCountry "POL"]
[SourceTitle "CBM 189 Extra"]
[Source "ChessBase"]
[SourceDate "2019.06.03"]
[SourceVersion "1"]
[SourceVersionDate "2019.06.03"]
[SourceQuality "1"]

1. e4 c5 2. Nf3 e6 3. d4 cxd4 4. Nxd4 a6 5. Nc3 Qc7 6. g3 Nf6 7. Bg2 d6 8. 0-0 Be7 9. Re1 0-0 10. h3 Nc6 11. Nxc6 bxc6 12. b3 d5 13. Bb2 Rd8 14. e5 Nd7 15. Qe2 a5 16. Na4 Ba6 17. Qg4 Rab8 18. Bc3 c5 19. Rad1 d4 20. Bd2 Bb5 21. Nb2 Nxe5 22. Bf4 Bd6 23. Bxe5 Bxe5 24. Qe4 Bf6 25. Nd3 c4 26. Nf4 g6 27. h4 Kg7 28. h5 g5 29. Nh3 Qc5 30. Kh2 Rbc8 31. f4 g4 32. Nf2 Qxh5+ 33. Kg1 Bc6 34. Qe2 d3 35. cxd3 Bf3 36. Bxf3 gxf3 37. Qf1 cxb3 38. axb3 Rc2 39. g4 Qh4 0-1

[Event "Katowice POL-HUN 5th"]
[Site "Katowice"]
[Date "2017.05.21"]
[Round "8"]
[White "Dziodzio, Angelika"]
[Black "Pinkas, Karol"]
[Result "1-0"]
[WhiteElo "2080"]
[BlackElo "2196"]
[PlyCount "69"]
[EventDate "2017.05.20"]
[EventType "swiss (rapid)"]
[EventRounds "9"]
[EventCountry "POL"]
[SourceTitle "CBM 178 Extra"]
[Source "ChessBase"]
[SourceDate "2017.06.22"]
[SourceVersion "1"]
[SourceVersionDate "2017.06.22"]
[SourceQuality "1"]

1. e4 e5 2. d4 exd4 3. Qxd4 Nc6 4. Qe3 Nf6 5. Nc3 Bb4 6. Bd2 0-0 7. 0-0-0 Re8 8. Bc4 d6 9. h3 a5 10. f4 Bf5 11. Bd3 Bxc3 12. Bxc3 Nd5 13. Qf3 Nxc3 14. bxc3 Be6 15. a4 Qf6 16. Ne2 Rad8 17. Bb5 Bd7 18. Rhf1 Qe7 19. Ng3 Na7 20. Bc4 d5 21. exd5 Qa3+ 22. Kd2 Qxa4 23. Bd3 Qa3 24. Ra1 Qc5 25. Ne4 Rxe4 26. Qxe4 f5 27. Qd4 Qxd4 28. cxd4 a4 29. c4 Nc8 30. c5 Ne7 31. Bc4 Kf8 32. Rfb1 Be8 33. Rxb7 Nxd5 34. Bxd5 Rxd5 35. Kc3 1-0

[Event "Katowice POL-HUN 5th"]
[Site "Katowice"]
[Date "2017.05.20"]
[Round "2"]
[White "Pinkas, Karol"]
[Black "Sowa, Bernard"]
[Result "1/2-1/2"]
[WhiteElo "2196"]
[BlackElo "1784"]
[PlyCount "76"]
[EventDate "2017.05.20"]
[EventType "swiss (rapid)"]
[EventRounds "9"]
[EventCountry "POL"]
[SourceTitle "CBM 178 Extra"]
[Source "ChessBase"]
[SourceDate "2017.06.22"]
[SourceVersion "1"]
[SourceVersionDate "2017.06.22"]
[SourceQuality "1"]

1. e4 c6 2. d4 d5 3. exd5 cxd5 4. c4 Nf6 5. Nc3 e6 6. Nf3 Be7 7. cxd5 exd5 8. Ne5 0-0 9. Bd3 Nc6 10. Nxc6 bxc6 11. 0-0 Bg4 12. Qc2 Bh5 13. Bg5 Bg6 14. Rfe1 Re8 15. h3 Bxd3 16. Qxd3 h6 17. Bf4 Bd6 18. Rxe8+ Nxe8 19. Bxd6 Qxd6 20. Na4 Nf6 21. Nc5 Re8 22. b4 Re7 23. a4 Ne4 24. Nxe4 dxe4 25. Qc3 Rd7 26. Rd1 Rb7 27. b5 Rb6 28. Qc4 cxb5 29. axb5 Qb8 30. Qd5 Re6 31. Re1 Qe8 32. Re3 g6 33. Qc4 Rb6 34. Qd5 Rxb5 35. Qxe4 Qxe4 36. Rxe4 a5 37. Re8+ Kg7 38. Ra8 Rd5 1/2-1/2

[Event "Katowice POL-HUN 5th"]
[Site "Katowice"]
[Date "2017.05.20"]
[Round "4"]
[White "Rudecki, Bartosz"]
[Black "Pinkas, Karol"]
[Result "1/2-1/2"]
[WhiteElo "2007"]
[BlackElo "2196"]
[PlyCount "55"]
[EventDate "2017.05.20"]
[EventType "swiss (rapid)"]
[EventRounds "9"]
[EventCountry "POL"]
[SourceTitle "CBM 178 Extra"]
[Source "ChessBase"]
[SourceDate "2017.06.22"]
[SourceVersion "1"]
[SourceVersionDate "2017.06.22"]
[SourceQuality "1"]

1. e4 e5 2. Bc4 Nf6 3. d4 exd4 4. Nf3 d5 5. exd5 Qe7+ 6. Qe2 Qxe2+ 7. Kxe2 Bc5 8. h3 0-0 9. Rd1 Bf5 10. Nxd4 Bxd4 11. Rxd4 Bxc2 12. Nc3 Nbd7 13. Bf4 c5 14. Rd2 Bg6 15. Kf1 a6 16. a4 Nb6 17. Be2 Rfe8 18. a5 Nbd7 19. Bf3 c4 20. Ra4 Bd3+ 21. Kg1 Ne5 22. Bxe5 Rxe5 23. Rb4 Rb8 24. b3 Re1+ 25. Kh2 Rc1 26. Na2 Rb1 27. Nc3 Rc1 28. Na2 1/2-1/2

[Event "POL-chT 2nd League"]
[Site "Jastrzebia Gora"]
[Date "2015.09.12"]
[Round "8.104"]
[White "Pinkas, Karol"]
[Black "Pajak, Jakub Lech"]
[Result "1-0"]
[WhiteElo "2227"]
[BlackElo "1812"]
[PlyCount "104"]
[EventDate "2015.09.05"]
[EventType "team-swiss"]
[EventRounds "9"]
[EventCountry "POL"]
[SourceTitle "EXT 2017"]
[Source "ChessBase"]
[SourceDate "2016.10.25"]
[SourceVersion "1"]
[SourceVersionDate "2016.10.25"]
[SourceQuality "1"]
[WhiteTeam "Jaworzno JKSz MCKiS"]
[BlackTeam "Warszawa Skoczek Trojanski"]
[WhiteTeamCountry "POL"]
[BlackTeamCountry "POL"]

1. e4 c5 2. Nf3 d6 3. d4 cxd4 4. Nxd4 Nf6 5. Nc3 g6 6. Be3 Bg7 7. f3 0-0 8. Qd2 Nc6 9. Bc4 Bd7 10. Bb3 Rc8 11. 0-0-0 Nxd4 12. Bxd4 b5 13. e5 dxe5 14. Bxe5 Bc6 15. Qg5 Qb6 16. h4 h6 17. Qd2 Rfd8 18. Qf4 b4 19. Rxd8+ Rxd8 20. Bc7 Qd4 21. Qxd4 Rxd4 22. Ne2 Rd7 23. Ba5 Rb7 24. Rd1 e6 25. Rd8+ Bf8 26. Nf4 g5 27. hxg5 hxg5 28. Nd3 Kg7 29. c3 Be7 30. Rd4 bxc3 31. Bxc3 Bb5 32. Ne5 Bc5 33. Rd1 Be3+ 34. Kb1 Kf8 35. Re1 Bf2 36. Rh1 Bg3 37. Rd1 Bxe5 38. Bxe5 Nd7 39. Bc3 Ke7 40. Bd2 f6 41. Bb4+ Kf7 42. Bc3 Nc5 43. Bc2 Kg7 44. Bd4 Rc7 45. Be3 Nd7 46. Rh1 Nf8 47. b3 Ng6 48. Kb2 Bc6 49. Rc1 Bb5 50. g3 a6 51. f4 gxf4 52. gxf4 Kf7 1-0

[Event "POL-chT 2nd League"]
[Site "Jastrzebia Gora"]
[Date "2015.09.06"]
[Round "2.33"]
[White "Pinkas, Karol"]
[Black "Dudzinski, Pawel"]
[Result "0-1"]
[WhiteElo "2227"]
[BlackElo "2261"]
[PlyCount "106"]
[EventDate "2015.09.05"]
[EventType "team-swiss"]
[EventRounds "9"]
[EventCountry "POL"]
[SourceTitle "EXT 2017"]
[Source "ChessBase"]
[SourceDate "2016.10.25"]
[SourceVersion "1"]
[SourceVersionDate "2016.10.25"]
[SourceQuality "1"]
[WhiteTeam "Jaworzno JKSz MCKiS"]
[BlackTeam "Ostrow Wielkopolski"]
[WhiteTeamCountry "POL"]
[BlackTeamCountry "POL"]

1. e4 c6 2. d4 d5 3. Nc3 g6 4. Nf3 Bg7 5. h3 Nf6 6. Bd3 dxe4 7. Nxe4 Nxe4 8. Bxe4 Nd7 9. 0-0 0-0 10. Re1 Qc7 11. c3 c5 12. Bc2 cxd4 13. cxd4 Qd6 14. Bb3 Nf6 15. Re5 e6 16. Ng5 Nd5 17. Re4 h6 18. Nf3 b6 19. Ne5 Bb7 20. Qe2 Rae8 21. Bd2 a5 22. Re1 Re7 23. Bc2 Rc8 24. Bb3 Rd8 25. Nf3 Nf6 26. Rf4 g5 27. Rxf6 Bxf6 28. Bc3 Bd5 29. Ne5 Bxb3 30. axb3 Bxe5 31. dxe5 Qd3 32. Qg4 Qf5 33. Qe2 Rd3 34. Rc1 Red7 35. b4 Qf4 36. Ra1 axb4 37. Be1 Kg7 38. g3 Qd4 39. Kh2 Rd5 40. Ra4 Rb3 41. Bc3 Rxc3 42. bxc3 Qxc3 43. Qe4 Rxe5 44. Qxb4 Qxb4 45. Rxb4 b5 46. Kg2 Kf6 47. f4 gxf4 48. Rxf4+ Rf5 49. Rb4 h5 50. g4 hxg4 51. hxg4 Rc5 52. Rf4+ Kg6 53. Kh3 Rc3+ 0-1

[Event "Katowice POL-HUN 3rd"]
[Site "Katowice"]
[Date "2015.03.21"]
[Round "3"]
[White "Pinkas, Karol"]
[Black "Wojtaszek, Radoslaw"]
[Result "0-1"]
[WhiteElo "2227"]
[BlackElo "2737"]
[PlyCount "64"]
[EventDate "2015.03.21"]
[EventType "swiss (rapid)"]
[EventRounds "9"]
[EventCountry "POL"]
[SourceTitle "CBM 165 Extra"]
[Source "ChessBase"]
[SourceDate "2015.04.21"]
[SourceVersion "1"]
[SourceVersionDate "2015.04.21"]
[SourceQuality "1"]

1. e4 c5 2. Nf3 d6 3. d4 cxd4 4. Nxd4 Nf6 5. Nc3 a6 6. Bg5 Nbd7 7. Qe2 Qc7 8. 0-0-0 h6 9. Bxf6 Nxf6 10. f4 e5 11. Nf5 exf4 12. Nd5 Nxd5 13. exd5+ Kd8 14. Qe4 g6 15. Re1 Bd7 16. Nd4 Bg7 17. Qxf4 Qc5 18. Nb3 Qxd5 19. Bc4 Qg5 20. Qxg5+ hxg5 21. Bxf7 Be5 22. Bd5 Kc7 23. h3 Raf8 24. Re4 b5 25. Nd4 Rf2 26. Ne6+ Kb6 27. Nd4 Rc8 28. Bb3 Rxg2 29. Rhe1 Bxh3 30. a4 bxa4 31. Bxa4 Rc4 32. Nb3 Rgxc2+ 0-1

[Event "POL-chT 2nd League"]
[Site "Szczyrk"]
[Date "2014.09.13"]
[Round "8.27"]
[White "Koziol, Kamil"]
[Black "Pinkas, Karol"]
[Result "0-1"]
[WhiteElo "2109"]
[BlackElo "2268"]
[PlyCount "110"]
[EventDate "2014.09.06"]
[EventType "team-swiss"]
[EventRounds "9"]
[EventCountry "POL"]
[SourceTitle "EXT 2015"]
[Source "ChessBase"]
[SourceDate "2014.11.20"]
[SourceVersion "1"]
[SourceVersionDate "2014.11.20"]
[SourceQuality "1"]
[WhiteTeam "Rybnik MKSz"]
[BlackTeam "Jaworzno JKSz MCKiS"]
[WhiteTeamCountry "POL"]
[BlackTeamCountry "POL"]

1. e4 e5 2. Nf3 Nc6 3. Bb5 a6 4. Ba4 Nf6 5. Bxc6 dxc6 6. d3 Nd7 7. Nbd2 Bd6 8. 0-0 0-0 9. b3 Re8 10. Bb2 Nf8 11. Nc4 Ng6 12. Ne3 c5 13. a4 a5 14. Ne1 c6 15. g3 Qg5 16. Bc1 Qf6 17. N1g2 Nf4 18. gxf4 exf4 19. Nc4 f3 20. Bg5 Qxg5 21. Qxf3 Bg4 22. Qe3 Qd8 23. Nxd6 Qxd6 24. Qg3 Qxg3 25. hxg3 Bh3 26. Rfe1 Bxg2 27. Kxg2 Rad8 28. f4 Rd4 29. Kf3 f6 30. Rh1 h6 31. Rh5 b6 32. g4 Kf7 33. Rg1 Ke6 34. e5 Rd5 35. f5+ Kf7 36. e6+ Ke7 37. Re1 Red8 38. Rhh1 Rd4 39. Ra1 R8d5 40. Rhe1 h5 41. Re4 hxg4+ 42. Kxg4 g6 43. Rf1 gxf5+ 44. Rxf5 Rxe4+ 45. dxe4 Rd2 46. e5 fxe5 47. Rxe5 Rxc2 48. Re3 Rf2 49. Kg5 Rf1 50. Kg4 Rf6 51. Rh3 Kxe6 52. Rh8 Ke5 53. Re8+ Kd4 54. Rb8 c4 55. bxc4 c5 0-1

[Event "POL-chT 2nd League"]
[Site "Mrzezyno"]
[Date "2011.09.03"]
[Round "1"]
[White "Pinkas, Karol"]
[Black "Pazderski, Ziemowit"]
[Result "1-0"]
[WhiteElo "2320"]
[BlackElo "2231"]
[PlyCount "137"]
[EventDate "2011.09.03"]
[EventType "team-swiss"]
[EventRounds "9"]
[EventCountry "POL"]
[SourceTitle "EXT 2015"]
[Source "ChessBase"]
[SourceDate "2014.11.20"]
[SourceVersion "1"]
[SourceVersionDate "2014.11.20"]
[SourceQuality "1"]
[WhiteTeam "Jaworzno JKSz MCKiS"]
[BlackTeam "Zielonka Zieloni"]
[WhiteTeamCountry "POL"]
[BlackTeamCountry "POL"]

1. e4 d5 2. exd5 Qxd5 3. Nc3 Qd6 4. d4 Nf6 5. Nf3 a6 6. g3 Bg4 7. h3 Bxf3 8. Qxf3 Nc6 9. Be3 e6 10. Bg2 Be7 11. 0-0-0 Qb4 12. Qe2 0-0 13. g4 Rfd8 14. g5 Nd5 15. Nxd5 exd5 16. h4 Qb5 17. Rhe1 Bf8 18. Kb1 Na5 19. Qxb5 axb5 20. Bf4 c6 21. b3 Bd6 22. Bxd6 Rxd6 23. c4 b6 24. Re7 Kf8 25. Rde1 b4 26. c5 bxc5 27. dxc5 Rdd8 28. Rc7 Rdc8 29. Ree7 Rxc7 30. Rxc7 Rb8 31. Bf1 Re8 32. Bd3 Re7 33. Rc8+ Re8 34. Rxe8+ Kxe8 35. Ba6 Ke7 36. Kb2 Kd7 37. a3 bxa3+ 38. Kxa3 Kc7 39. b4 Nb7 40. f4 f5 41. gxf6 gxf6 42. Bd3 h6 43. Bf5 Nd8 44. Kb3 Kb7 45. Ka4 Nf7 46. Bd7 Kc7 47. Be6 Nd8 48. Bf5 Kb7 49. Kb3 Nf7 50. Kc3 Nd8 51. Kd4 Ka6 52. Bd3+ Kb7 53. f5 Nf7 54. b5 Ne5 55. Be2 Nd7 56. Bf3 cxb5 57. Kxd5 Kc7 58. Be2 b4 59. Bd1 Ne5 60. Ke6 Nd7 61. c6 Nc5+ 62. Kxf6 Kxc6 63. Kg6 Kd6 64. f6 Nd7 65. h5 Ke5 66. f7 Kd6 67. Kxh6 Ke7 68. Kg7 Nf8 69. Bb3 1-0

[Event "Chorzow Bak Memorial op"]
[Site "Chorzow"]
[Date "2008.11.23"]
[Round "9"]
[White "Pinkas, Karol"]
[Black "Koziak, Vitali"]
[Result "0-1"]
[WhiteElo "2334"]
[BlackElo "2463"]
[PlyCount "116"]
[EventDate "2008.11.15"]
[EventType "swiss"]
[EventRounds "9"]
[EventCountry "POL"]
[SourceTitle "EXT 2010"]
[Source "ChessBase"]
[SourceDate "2010.11.25"]
[SourceVersion "1"]
[SourceVersionDate "2010.11.25"]
[SourceQuality "1"]

1. e4 d6 2. d4 Nf6 3. Nc3 e5 4. Nf3 Nbd7 5. Bc4 Be7 6. 0-0 0-0 7. Re1 c6 8. a4 a5 9. h3 Re8 10. b3 h6 11. Bb2 Qc7 12. dxe5 Nxe5 13. Nxe5 dxe5 14. Qf3 Bb4 15. Re2 Nh7 16. Qg3 Qe7 17. Nd1 Qg5 18. Qxg5 hxg5 19. Ne3 Nf6 20. f3 Nh5 21. Kh2 Nf4 22. Rf2 Kf8 23. g3 Nxh3 24. Rff1 g4 25. Nxg4 Bxg4 26. fxg4 Ng5 27. Rf5 f6 28. Raf1 Nxe4 29. g5 Nd6 30. Rxe5 Nxc4 31. bxc4 Rxe5 32. Bxe5 Re8 33. Ba1 Re2+ 34. Kh3 Rxc2 35. gxf6 gxf6 36. Rxf6+ Ke8 37. Rh6 Rxc4 38. Rh8+ Kd7 39. Rb8 Kc7 40. Be5+ Kb6 41. g4 Bc3 42. Bxc3 Rxc3+ 43. Kh4 Rc4 44. Kh5 Rxa4 45. g5 Ra1 46. g6 Rg1 47. Kh6 Ka7 48. Rc8 a4 49. g7 a3 50. g8Q Rxg8 51. Rxg8 b5 52. Rg1 b4 53. Ra1 Kb6 54. Kg5 Kb5 55. Kf4 Ka4 56. Rc1 a2 57. Rxc6 Kb3 58. Ra6 Kb2 0-1

[Event "Chorzow Bak Memorial op"]
[Site "Chorzow"]
[Date "2008.11.20"]
[Round "6"]
[White "Pinkas, Karol"]
[Black "Fraczek, Leslaw"]
[Result "1-0"]
[WhiteElo "2334"]
[BlackElo "1915"]
[PlyCount "97"]
[EventDate "2008.11.15"]
[EventType "swiss"]
[EventRounds "9"]
[EventCountry "POL"]
[SourceTitle "EXT 2010"]
[Source "ChessBase"]
[SourceDate "2010.11.25"]
[SourceVersion "1"]
[SourceVersionDate "2010.11.25"]
[SourceQuality "1"]

1. e4 e5 2. Nf3 Nc6 3. Bb5 a6 4. Ba4 Nf6 5. 0-0 Be7 6. Re1 b5 7. Bb3 d6 8. c3 0-0 9. h3 Nb8 10. d4 Nbd7 11. Nbd2 Bb7 12. Bc2 Re8 13. Nf1 Bf8 14. Ng3 g6 15. a4 Bg7 16. d5 Bf8 17. Bg5 h6 18. Be3 c6 19. dxc6 Bxc6 20. Nh2 Kh7 21. Bb3 Qe7 22. axb5 axb5 23. f3 Nc5 24. Bc2 Qb7 25. b4 Ne6 26. Ng4 Nxg4 27. hxg4 Rec8 28. Bb3 Bd7 29. Rxa8 Qxa8 30. Ne2 Nd8 31. Kf2 Be6 32. Rh1 Bxb3 33. Qxb3 Ne6 34. g5 h5 35. g4 Be7 36. gxh5 Bxg5 37. hxg6+ Kxg6 38. Rg1 Kf6 39. Rxg5 Nxg5 40. Bxg5+ Kxg5 41. Qxf7 Rg8 42. Qe7+ Kh5 43. Qh7+ Kg5 44. Ng3 Qa2+ 45. Ke3 Qc4 46. Qe7+ Kh6 47. Nf5+ Kh5 48. Qh7+ Kg5 49. Qh6# 1-0

[Event "Chorzow Bak Memorial op"]
[Site "Chorzow"]
[Date "2008.11.18"]
[Round "5"]
[White "Mulet, Piotr"]
[Black "Pinkas, Karol"]
[Result "1-0"]
[WhiteElo "2294"]
[BlackElo "2334"]
[PlyCount "139"]
[EventDate "2008.11.15"]
[EventType "swiss"]
[EventRounds "9"]
[EventCountry "POL"]
[SourceTitle "EXT 2010"]
[Source "ChessBase"]
[SourceDate "2010.11.25"]
[SourceVersion "1"]
[SourceVersionDate "2010.11.25"]
[SourceQuality "1"]

1. e4 e5 2. Nf3 Nc6 3. Bb5 a6 4. Ba4 Nf6 5. 0-0 Be7 6. Bxc6 dxc6 7. Qe1 Nd7 8. b3 0-0 9. Bb2 f6 10. d3 Nc5 11. Nbd2 Ne6 12. Rd1 c5 13. Nc4 Nd4 14. Nxd4 cxd4 15. f4 exf4 16. Rxf4 c5 17. Qe2 b5 18. Nd2 f5 19. exf5 Bg5 20. Rf3 Bxf5 21. h3 Qe8 22. Qxe8 Raxe8 23. Bc1 Be3+ 24. Kh2 Bg6 25. Rxf8+ Rxf8 26. Nf3 Bxc1 27. Rxc1 Bh5 28. Nd2 Bg6 29. Nf3 Re8 30. Re1 Rxe1 31. Nxe1 Kf7 32. Kg3 Ke6 33. Kf4 Kd5 34. Nf3 c4 35. Ne5 cxb3 36. cxb3 Be8 37. b4 h6 38. a3 Bh5 39. g4 g5+ 40. Kf5 Be8 41. Kf6 Kd6 42. Nf3 Bc6 43. Nxd4 Bg2 44. Nf5+ Kc6 45. Ne3 Bxh3 46. Ke5 Kd7 47. d4 Ke7 48. d5 Kd7 49. d6 Kd8 50. Kd5 Kd7 51. Kc5 Kc8 52. Kc6 Kd8 53. d7 h5 54. gxh5 Bxd7+ 55. Kd6 Be8 56. h6 Bg6 57. Ng4 Ke8 58. h7 Bxh7 59. Nf6+ Kf7 60. Nxh7 g4 61. Ke5 Kg6 62. Nf6 g3 63. Nd5 Kg5 64. Ne3 Kg6 65. Kf4 Kf6 66. Kxg3 Ke5 67. Kf3 Kd4 68. Kf4 Kc3 69. Nd5+ Kb3 70. Nc7 1-0

[Event "Chorzow Bak Memorial op"]
[Site "Chorzow"]
[Date "2008.11.18"]
[Round "4"]
[White "Pinkas, Karol"]
[Black "Heberla, Bartlomiej"]
[Result "0-1"]
[WhiteElo "2334"]
[BlackElo "2485"]
[PlyCount "84"]
[EventDate "2008.11.15"]
[EventType "swiss"]
[EventRounds "9"]
[EventCountry "POL"]
[SourceTitle "EXT 2010"]
[Source "ChessBase"]
[SourceDate "2010.11.25"]
[SourceVersion "1"]
[SourceVersionDate "2010.11.25"]
[SourceQuality "1"]

1. e4 c5 2. Nf3 d6 3. d4 cxd4 4. Nxd4 Nf6 5. Nc3 Bd7 6. Bg5 e6 7. Qd2 a6 8. f4 h6 9. Bxf6 Qxf6 10. 0-0-0 Nc6 11. Nf3 Qd8 12. Kb1 Qa5 13. h4 0-0-0 14. Rg1 Be7 15. g4 Bf6 16. Ne2 Qxd2 17. Rxd2 g5 18. hxg5 hxg5 19. fxg5 Be7 20. Ned4 Nxd4 21. Rxd4 Bc6 22. Bc4 d5 23. exd5 exd5 24. Bd3 Bc5 25. g6 fxg6 26. Bxg6 Rh3 27. Ng5 Bxd4 28. Nxh3 Bxg1 29. Nxg1 Rg8 30. Bf5+ Bd7 31. Bxd7+ Kxd7 32. Nf3 Rf8 33. Nd2 Rf4 34. c3 Rxg4 35. Kc2 Rg3 36. a4 Kd6 37. b4 b6 38. Nb3 Rg2+ 39. Nd2 Ke5 40. a5 b5 41. Kd3 Rg3+ 42. Kc2 d4 0-1

[Event "Chorzow Bak Memorial op"]
[Site "Chorzow"]
[Date "2008.11.15"]
[Round "1"]
[White "Rzepka, Maciej"]
[Black "Pinkas, Karol"]
[Result "0-1"]
[WhiteElo "1760"]
[BlackElo "2334"]
[PlyCount "44"]
[EventDate "2008.11.15"]
[EventType "swiss"]
[EventRounds "9"]
[EventCountry "POL"]
[SourceTitle "EXT 2010"]
[Source "ChessBase"]
[SourceDate "2010.11.25"]
[SourceVersion "1"]
[SourceVersionDate "2010.11.25"]
[SourceQuality "1"]

1. e4 e5 2. Nf3 Nc6 3. Bb5 f5 4. Bxc6 dxc6 5. 0-0 fxe4 6. Nxe5 Qd4 7. Qh5+ g6 8. Qg5 Be7 9. Qf4 Nf6 10. c3 Qd6 11. b3 0-0 12. Ba3 c5 13. d4 exd3 14. Qe3 Nd5 15. Qe1 Nf4 16. Nc4 Qf6 17. Qe3 Bh3 18. gxh3 Qg5+ 19. Qg3 Ne2+ 20. Kh1 Nxg3+ 21. hxg3 b5 22. Ne3 Qxe3 0-1

[Event "POL-chT 2nd League"]
[Site "Ustron"]
[Date "2008.09.14"]
[Round "9.43"]
[White "Pinkas, Karol"]
[Black "Bulski, Krzysztof"]
[Result "1/2-1/2"]
[WhiteElo "2317"]
[BlackElo "2388"]
[PlyCount "25"]
[EventDate "2008.09.06"]
[EventType "team-swiss"]
[EventRounds "9"]
[EventCountry "POL"]
[SourceTitle "EXT 2015"]
[Source "ChessBase"]
[SourceDate "2014.11.20"]
[SourceVersion "1"]
[SourceVersionDate "2014.11.20"]
[SourceQuality "1"]
[WhiteTeam "Jaworzno JKSz MCKiS"]
[BlackTeam "Katowice Hetman Szopienice"]
[WhiteTeamCountry "POL"]
[BlackTeamCountry "POL"]

1. e4 e5 2. Nc3 Nf6 3. Nf3 d6 4. d4 Nbd7 5. Bc4 Be7 6. 0-0 0-0 7. Re1 c6 8. a4 h6 9. h3 Re8 10. b3 b6 11. d5 cxd5 12. Nxd5 Bf8 13. a5 1/2-1/2

[Event "POL-chT 2nd League"]
[Site "Ustron"]
[Date "2008.09.11"]
[Round "6.37"]
[White "Pinkas, Karol"]
[Black "Murdzia, Piotr"]
[Result "1/2-1/2"]
[WhiteElo "2317"]
[BlackElo "2481"]
[PlyCount "130"]
[EventDate "2008.09.06"]
[EventType "team-swiss"]
[EventRounds "9"]
[EventCountry "POL"]
[SourceTitle "EXT 2015"]
[Source "ChessBase"]
[SourceDate "2014.11.20"]
[SourceVersion "1"]
[SourceVersionDate "2014.11.20"]
[SourceQuality "1"]
[WhiteTeam "Jaworzno JKSz MCKiS"]
[BlackTeam "Gdynia Korsarz"]
[WhiteTeamCountry "POL"]
[BlackTeamCountry "POL"]

1. e4 c5 2. Nf3 e6 3. d4 cxd4 4. Nxd4 a6 5. Nc3 d6 6. Be2 Nf6 7. 0-0 Be7 8. f4 Qc7 9. Kh1 Nc6 10. Be3 0-0 11. Qe1 Re8 12. Qg3 Bd7 13. e5 Nd5 14. Nf5 g6 15. Nh6+ Kg7 16. Nxd5 exd5 17. c3 f5 18. exf6+ Bxf6 19. Ng4 Bxg4 20. Bxg4 d4 21. cxd4 Nxd4 22. Rac1 Nc6 23. f5 Qf7 24. Bd1 d5 25. Bb3 Rad8 26. Bb6 Rd7 27. fxg6 hxg6 28. Rc2 Qe6 29. Rd2 Rh8 30. h3 Rh5 31. Bd1 Rf5 32. Rxf5 Qxf5 33. Bc2 Qg5 34. Qxg5 Bxg5 35. Rd1 Bf6 36. b3 Re7 37. Bd3 Nb4 38. Bb1 Re2 39. a3 Nc6 40. b4 Rb2 41. Kg1 Bc3 42. Kf1 a5 43. bxa5 Nxa5 44. Bxa5 Bxa5 45. Bd3 Rd2 46. Rxd2 Bxd2 47. Ke2 Bc1 48. a4 b6 49. Bc2 Kf6 50. h4 Bb2 51. g4 Bc3 52. g5+ Kf7 53. Kf3 Be1 54. Kg4 d4 55. Bb3+ Kg7 56. Bc4 Bf2 57. Bd3 Be1 58. h5 gxh5+ 59. Kxh5 Bd2 60. Kg4 Be3 61. Kf5 Bd2 62. g6 Ba5 63. Ke6 Bc3 64. Ke5 Bb2 65. Kd5 Bc3 1/2-1/2

[Event "POL-chT 2nd League"]
[Site "Ustron"]
[Date "2008.09.11"]
[Round "5.19"]
[White "Proszynski, Waldemar"]
[Black "Pinkas, Karol"]
[Result "0-1"]
[WhiteElo "2042"]
[BlackElo "2317"]
[PlyCount "80"]
[EventDate "2008.09.06"]
[EventType "team-swiss"]
[EventRounds "9"]
[EventCountry "POL"]
[SourceTitle "EXT 2015"]
[Source "ChessBase"]
[SourceDate "2014.11.20"]
[SourceVersion "1"]
[SourceVersionDate "2014.11.20"]
[SourceQuality "1"]
[WhiteTeam "Miedzyborow Wrzos"]
[BlackTeam "Jaworzno JKSz MCKiS"]
[WhiteTeamCountry "POL"]
[BlackTeamCountry "POL"]

1. d4 d5 2. Nf3 Nc6 3. Bf4 e6 4. e3 Bd6 5. Bg3 Nf6 6. c4 Bxg3 7. hxg3 Qe7 8. Nc3 Bd7 9. a3 Rd8 10. Qc2 h6 11. b4 dxc4 12. Bxc4 0-0 13. Rd1 a5 14. b5 Na7 15. Qb3 c6 16. b6 Nb5 17. Nb1 Ra8 18. Ne5 a4 19. Qd3 Ra6 20. g4 Rxb6 21. f4 Nd6 22. Nd2 Nxc4 23. Nexc4 Rb5 24. Ne5 Kh8 25. g5 Ng8 26. gxh6 gxh6 27. g4 Be8 28. g5 f6 29. gxf6 Rxf6 30. Ke2 Qh7 31. Qc4 Qf5 32. Rdg1 c5 33. dxc5 Rb2 34. Qd4 Bb5+ 35. Ke1 Qc2 36. Qd8 Qc1+ 37. Kf2 Rxd2+ 38. Kf3 Be2+ 39. Kg3 Qxg1+ 40. Rxg1 Rxd8 0-1

[Event "POL-chT 2nd League"]
[Site "Wysowa"]
[Date "2007.09.11"]
[Round "9.43"]
[White "Pinkas, Karol"]
[Black "Gralka, Julian"]
[Result "1/2-1/2"]
[WhiteElo "2302"]
[BlackElo "2278"]
[PlyCount "27"]
[EventDate "2007.09.03"]
[EventType "team-swiss"]
[EventRounds "9"]
[EventCountry "POL"]
[SourceTitle "EXT 2019"]
[Source "ChessBase"]
[SourceDate "2018.10.10"]
[SourceVersion "1"]
[SourceVersionDate "2018.10.10"]
[SourceQuality "1"]
[WhiteTeam "Jaworzno JKSz MCKiS"]
[BlackTeam "Bydgoszcz Chemik"]
[WhiteTeamCountry "POL"]
[BlackTeamCountry "POL"]

1. e4 c6 2. d4 d5 3. Nc3 dxe4 4. Nxe4 Nd7 5. Nf3 Ngf6 6. Nxf6+ Nxf6 7. Ne5 Be6 8. Be2 g6 9. 0-0 Bg7 10. c3 0-0 11. Nd3 Qb6 12. Nb4 Bf5 13. Bc4 e5 14. dxe5 1/2-1/2

[Event "POL-chT 2nd League"]
[Site "Wysowa"]
[Date "2007.09.03"]
[Round "1"]
[White "Lagowski, Patryk"]
[Black "Pinkas, Karol"]
[Result "0-1"]
[WhiteElo "2335"]
[BlackElo "2302"]
[PlyCount "88"]
[EventDate "2007.09.03"]
[EventType "team-swiss"]
[EventRounds "9"]
[EventCountry "POL"]
[SourceTitle "EXT 2010"]
[Source "ChessBase"]
[SourceDate "2010.11.25"]
[SourceVersion "1"]
[SourceVersionDate "2010.11.25"]
[SourceQuality "1"]
[WhiteTeam "Katowice Wasko II"]
[BlackTeam "Jaworzno JKSz MCKiS"]
[WhiteTeamCountry "POL"]
[BlackTeamCountry "POL"]

1. d4 d5 2. Nf3 Nc6 3. Bf4 Bg4 4. e3 e6 5. c4 Bd6 6. Bxd6 Qxd6 7. Nc3 Nf6 8. c5 Qd8 9. Qb3 Bxf3 10. gxf3 Rb8 11. f4 0-0 12. Be2 b6 13. Qa4 Ne7 14. b4 a5 15. bxa5 bxc5 16. dxc5 Nd7 17. c6 Nc5 18. Qa3 Ne4 19. Nxe4 dxe4 20. Rg1 Nd5 21. Rc1 Qh4 22. a6 Qxh2 23. Rg3 Qh1+ 24. Kd2 Qh4 25. a7 Ra8 26. Rb1 Qe7 27. Qa5 Rfd8 28. Ke1 Qd6 29. Kf1 Qxc6 30. Kg2 g6 31. Rh3 Qc3 32. Qa4 Qd2 33. Qc4 Rxa7 34. f5 exf5 35. Rd1 Qxa2 36. Qb5 Ra5 37. Rxd5 Qxd5 38. Qb4 Qc5 39. Qb2 Qe5 40. Qb3 f4 41. exf4 Qxf4 42. Re3 Rf5 43. f3 Rg5+ 44. Kf1 Qg3 0-1